UBT Library

Strategic alternatives for distressed businesses. (Record no. 41929)

000 -LEADER
fixed length control field 01110cas a2200325 a 4500
001 - CONTROL NUMBER
control field 15829366
005 - DATE AND TIME OF LATEST TRANSACTION
control field 20180206074810.0
008 - FIXED-LENGTH DATA ELEMENTS--GENERAL INFORMATION
fixed length control field 081024d2009201umnuar 0 a0eng
010 ## - LIBRARY OF CONGRESS CONTROL NUMBER
LC control number 2009207563
022 0# - INTERNATIONAL STANDARD SERIAL NUMBER
International Standard Serial Number 2150-2242
Source 1
035 ## - SYSTEM CONTROL NUMBER
System control number (OCoLC)ocn263413360
037 ## - SOURCE OF ACQUISITION
Source of stock number/acquisition Thomson/West, 610 Opperman Drive, Eagan, MN 55123
040 ## - CATALOGING SOURCE
Original cataloging agency FAMLW
Language of cataloging eng
Transcribing agency DLC
Modifying agency FAMLW
-- OCLCQ
-- OCLCF
-- OCLCO
-- HVL
-- OCLCO
-- OCLCQ
041 ## - LANGUAGE CODE
Language code of text/sound track or separate title eng
042 ## - AUTHENTICATION CODE
Authentication code lccopycat
-- nsdp
043 ## - GEOGRAPHIC AREA CODE
Geographic area code n-us---
080 ## - UNIVERSAL DECIMAL CLASSIFICATION NUMBER
Universal Decimal Classification number 346.73 wil
082 10 - DEWEY DECIMAL CLASSIFICATION NUMBER
Classification number 346.73 wil
Edition number 14
100 ## - Rafti
Rafti 54
101 ## - Shkurtesa
Shkurtesa eco
222 #0 - KEY TITLE
Key title Strategic alternatives for distressed businesses
245 00 - TITLE STATEMENT
Title Strategic alternatives for distressed businesses.
310 ## - CURRENT PUBLICATION FREQUENCY
Current publication frequency Annual
362 1# - DATES OF PUBLICATION AND/OR SEQUENTIAL DESIGNATION
Dates of publication and/or sequential designation Began with: 2008/2009 ed.
785 00 - SUCCEEDING ENTRY
Title Strategic alternatives for and against distressed businesses
Record control number (DLC) 2014213531
-- (OCoLC)891333018
906 ## - LOCAL DATA ELEMENT F, LDF (RLIN)
a 7
b cbc
c serials
d 2
e ncip
f 20
g n-oclcserc
942 ## - ADDED ENTRY ELEMENTS (KOHA)
Source of classification or shelving scheme
Item type Books
Holdings
Withdrawn status Lost status Source of classification or shelving scheme Damaged status Not for loan Collection code Permanent location Current location Shelving location Date acquired Total Checkouts Full call number Barcode Date last seen Price effective from Koha item type
          Koleksioni i përgjithshem UBT - Lipjan UBT - Lipjan Koleksioni i përgjithshem 02/06/2018   346.73 wil 002-2999097 02/06/2018 02/06/2018 Books
UBT Library © 2015-2024. All rights reserved University Education for Business and Technology